Southville International School and Colleges
Your cart is empty.
  • Cart
  • Lists
    Public lists Eva Luna New books Lux_list list_1
    Your lists Log in to create your own lists
  • Log in to your account
  • Your cookies
  • Search history
Southville International School and Colleges
  • Advanced search
  • Recent comments
  • Most popular
  • Libraries

Log in to your account

Log in with GOOGLE


If you do not have an external account, but do have a local account, you can still log in:

  1. Home
  2. MARC view: Adventures in coding /
Normal view MARC view ISBD view

Adventures in coding / (Record no. 306677)

[ view plain ]
MARC details
000 -LEADER
fixed length control field 00896cam a22002895i 4500
001 - CONTROL NUMBER
control field 18945082
003 - CONTROL NUMBER IDENTIFIER
control field LC
005 - DATE AND TIME OF LATEST TRANSACTION
control field 20170203163741.0
008 - FIXED-LENGTH DATA ELEMENTS--GENERAL INFORMATION
fixed length control field 160121s2016 inu 000 0 eng
010 ## - LIBRARY OF CONGRESS CONTROL NUMBER
LC control number 2016931381
020 ## - INTERNATIONAL STANDARD BOOK NUMBER
International Standard Book Number 9781119232681 (pbk.)
040 ## - CATALOGING SOURCE
Original cataloging agency DLC
Language of cataloging eng
Description conventions rda
Transcribing agency DLC
042 ## - AUTHENTICATION CODE
Authentication code pcc
050 ## - LIBRARY OF CONGRESS CALL NUMBER
Classification number QA 76.6 H734 2016
100 1# - MAIN ENTRY--PERSONAL NAME
Personal name Holland, Eva.
245 10 - TITLE STATEMENT
Title Adventures in coding /
Statement of responsibility, etc Eva Holland.
260 ## - PUBLICATION, DISTRIBUTION, ETC. (IMPRINT)
Place of publication, distribution, etc Indianapolis, IN :
Name of publisher, distributor, etc Wiley,
Date of publication, distribution, etc 2016
263 ## - PROJECTED PUBLICATION DATE
Projected publication date 1603
300 ## - PHYSICAL DESCRIPTION
Extent xiv, 300 pages :
Other physical details color illustrations ;
Dimensions 24 cm
500 ## - GENERAL NOTE
General note "... Introduces and guides you through the world of coding using Scratch."
650 ## - SUBJECT ADDED ENTRY--TOPICAL TERM
Topical term or geographic name as entry element Computer programming.
650 ## - SUBJECT ADDED ENTRY--TOPICAL TERM
Topical term or geographic name as entry element Application software
Form subdivision Development.
700 ## - ADDED ENTRY--PERSONAL NAME
Personal name Minnick, Chris
906 ## - LOCAL DATA ELEMENT F, LDF (RLIN)
a 0
b ibc
c orignew
d 2
e epcn
f 20
g y-gencatlg
942 ## - ADDED ENTRY ELEMENTS (KOHA)
Source of classification or shelving scheme Library of Congress Classification
Koha item type Books
Holdings
Withdrawn status Lost status Source of classification or shelving scheme Damaged status Home library Current library Shelving location Date acquired Source of acquisition Sub Shelving location Total Checkouts Full call number Barcode Date last seen Price effective from Koha item type
    Library of Congress Classification   Luxembourg Library Luxembourg Library Teachers Reference Section 02/03/2017 Library Fund     QA 76.6 H734 2016 20383 02/03/2017 02/03/2017 Books

Adventures in coding /

APA

Holland E., Minnick C., . (2016). Adventures in coding. Indianapolis, IN: Wiley.

Chicago

Holland Eva, Minnick Chris, . 2016. Adventures in coding. Indianapolis, IN: Wiley.

Harvard

Holland E., Minnick C., . (2016). Adventures in coding. Indianapolis, IN: Wiley.

MLA

Holland Eva, Minnick Chris, . Adventures in coding. Indianapolis, IN: Wiley. 2016.

  • Place hold
  • Print
  • Cite
  • Add to your cart (remove)
  • Save record
    BIBTEX Dublin Core MARCXML MARC (non-Unicode/MARC-8) MARC (Unicode/UTF-8) MARC (Unicode/UTF-8, Standard) MODS (XML) RIS
  • More searches
    Search for this title in:
    Other Libraries (WorldCat) Other Databases (Google Scholar) Online Stores (Bookfinder.com) Open Library (openlibrary.org)

Exporting to Dublin Core...

SOUTHVILLE LIBRARY

Southville International School and Colleges Library

1281 Tropical Ave. Cor. Luxembourg St., BF Homes International, Las Pinas City

Tel. No. 8256374 / 252358 Loc. 117/146

Powered by Koha